| 000 | 00702cam a22002291 4500 | ||
|---|---|---|---|
| 001 | 10311613 | ||
| 003 | ARRUPE | ||
| 005 | 20140221140212.0 | ||
| 008 | 800717s1957 enk 000 0 eng | ||
| 010 | _a 62006192 | ||
| 035 | _a(OCoLC)6524340 | ||
| 040 |
_aDLC _cIDeKN _dDLC |
||
| 050 | 0 | 0 |
_aML3082 _b. M87 |
| 100 | 1 |
_aMurray, Gregory, _d1905- _98869 |
|
| 245 | 1 | 0 |
_aGregorian rhythm in the Gregorian centuries, _bthe literary evidence. |
| 260 |
_aBath [Eng.] _bDownside Abbey _c[1957] |
||
| 300 |
_a25 p. _billus. _c23 cm. |
||
| 500 | _aCover title. | ||
| 650 | 0 |
_aGregorian chants _xHistory and criticism. _98870 |
|
| 906 |
_a7 _bcbc _coclcrpl _du _encip _f19 _gy-gencatlg |
||
| 942 |
_2lcc _cMONOGRAPH |
||
| 999 |
_c120140 _d120140 |
||